| 000 | 00696nam a22002057a 4500 | ||
|---|---|---|---|
| 999 |
_c192 _d192 |
||
| 003 | AR-CdUCM | ||
| 008 | 190222b ||||| |||| 00| 0 spa d | ||
| 040 |
_aMUNICIPALIDAD PROVINCIAL DEL CUSCO _cBIBLIOTECA MUNICIPAL DEL CUSCO |
||
| 041 | _heng | ||
| 082 |
_211ed. _a828.9 / _bC91V |
||
| 100 |
_aCronin, A. J. _9873 |
||
| 245 | _aLos verdes años / | ||
| 260 |
_aMéxico : _bDiana, _c1969. |
||
| 300 |
_a357 páginas ; _c19.5 cm. |
||
| 500 | _aRelata la historia del joven Robert Shanon y su esfuerzo por alcanzar la culminación de su hombría, en contra de tambaleantes propuestas. | ||
| 650 |
_aNovela _95 |
||
| 650 |
_aRoberto Shannon _9874 |
||
| 942 |
_2ddc _cLIBROS |
||
| 945 |
_aafb _d2019-02-22 |
||